[Event "GER-ch U25-C"]
[Site "Willingen"]
[Date "2023.05.31"]
[Round "6"]
[White "Baihaghi, Arash"]
[Black "Gold, Finnja"]
[Result "1/2-1/2"]
[WhiteElo "1226"]
[BlackElo "1103"]
[PlyCount "93"]
[EventDate "2023.05.27"]
[EventType "swiss"]
[EventRounds "9"]
[EventCountry "GER"]
[SourceTitle "CBM 214 Extra"]
[Source "ChessBase"]
[SourceDate "2023.07.31"]
[SourceVersion "1"]
[SourceVersionDate "2023.07.31"]
[SourceQuality "1"]

1. e4 c5 2. Nf3 a6 3. c4 d6 4. d4 cxd4 5. Nxd4 e5 6. Nf3 Nf6 7. Nc3 Be7 8. Be2 0-0 9. 0-0 Be6 10. h3 Nc6 11. Be3 Rc8 12. b3 Rb8 13. Qd2 Qd7 14. Ng5 Rfe8 15. Nxe6 fxe6 16. Rad1 Qc7 17. Bd3 Nd4 18. Bxd4 exd4 19. Ne2 e5 20. f4 Qc6 21. fxe5 dxe5 22. Ng3 b6 23. Qg5 Nd7 24. Qg4 Nc5 25. Nf5 Bf6 26. Nh6+ Kh8 27. Nf7+ Kg8 28. Nh6+ Kh8 29. Nf5 Nxd3 30. Rxd3 Qb7 31. Nd6 Qc6 32. Nxe8 Rxe8 33. Rg3 Qd6 34. Qh5 Rf8 35. Qf3 Be7 36. Qe2 Rd8 37. Rf7 Bf6 38. Qg4 Rg8 39. Qd7 Qc5 40. Qe6 d3+ 41. Kh2 d2 42. Rd3 Qf2 43. Rfd7 Bg5 44. Rf3 Bf4+ 45. Rxf4 Qxf4+ 46. Kg1 Qe3+ 47. Kh2 1/2-1/2

[Event "GER-ch U25-C"]
[Site "Willingen"]
[Date "2023.05.31"]
[Round "5"]
[White "Reh, Krispin"]
[Black "Baihaghi, Arash"]
[Result "0-1"]
[WhiteElo "1083"]
[BlackElo "1226"]
[PlyCount "94"]
[EventDate "2023.05.27"]
[EventType "swiss"]
[EventRounds "9"]
[EventCountry "GER"]
[SourceTitle "CBM 214 Extra"]
[Source "ChessBase"]
[SourceDate "2023.07.31"]
[SourceVersion "1"]
[SourceVersionDate "2023.07.31"]
[SourceQuality "1"]

1. e4 d5 2. Nc3 d4 3. Nb5 e5 4. Nf3 Nc6 5. Bc4 Nf6 6. d3 Bb4+ 7. c3 dxc3 8. bxc3 Ba5 9. 0-0 a6 10. Na3 Bxc3 11. Rb1 Bb4 12. h3 0-0 13. Bg5 Bxa3 14. Qc2 Be7 15. Rfe1 b5 16. Bb3 Nb4 17. Qc3 Qxd3 18. Qxe5 Qd7 19. Rbd1 Qe8 20. Qxc7 Bd7 21. Bxf6 Bxf6 22. Rxd7 Rc8 23. Qd6 Rc6 24. Qd1 Bc3 25. Re2 a5 26. a4 Rb6 27. e5 Na6 28. Rd6 Rxd6 29. exd6 Qc6 30. d7 Rd8 31. Re7 Kh8 32. Bxf7 Nc7 33. Qd3 bxa4 34. Re8+ Nxe8 35. dxe8Q+ Qxe8 36. Qxc3 Qxf7 37. Ne5 Rd1+ 38. Kh2 Qf4+ 39. Qg3 Qxg3+ 40. Kxg3 a3 41. f4 a2 42. f5 a1Q 43. Nf7+ Kg8 44. f6 Kxf7 45. h4 Qc3+ 46. Kg4 Rd4+ 47. Kf5 Qc5# 0-1

[Event "GER-ch U25-C"]
[Site "Willingen"]
[Date "2023.05.30"]
[Round "4"]
[White "Claussen, Daniela"]
[Black "Baihaghi, Arash"]
[Result "1-0"]
[WhiteElo "1043"]
[BlackElo "1226"]
[PlyCount "103"]
[EventDate "2023.05.27"]
[EventType "swiss"]
[EventRounds "9"]
[EventCountry "GER"]
[SourceTitle "CBM 214 Extra"]
[Source "ChessBase"]
[SourceDate "2023.07.31"]
[SourceVersion "1"]
[SourceVersionDate "2023.07.31"]
[SourceQuality "1"]

1. b3 e5 2. e3 Nc6 3. Bb2 Nf6 4. Bb5 Bd6 5. Nf3 e4 6. Bxc6 dxc6 7. Ne5 Qe7 8. Nc4 Bc5 9. 0-0 Bg4 10. Qc1 0-0-0 11. Ne5 Be2 12. Re1 Ba6 13. Qd1 Bd6 14. Ng4 Nxg4 15. Qxg4+ Kb8 16. Qf5 f6 17. d3 exd3 18. cxd3 Bxd3 19. Qg4 Bxb1 20. Raxb1 h5 21. Qf5 Bb4 22. Red1 Rxd1+ 23. Rxd1 Rd8 24. Rxd8+ Qxd8 25. g3 Qd1+ 26. Kg2 b6 27. Qe4 Qd5 28. Qxd5 cxd5 29. f3 c5 30. Kf2 c4 31. bxc4 dxc4 32. Ke2 Kc7 33. Kd1 Kc6 34. Kc2 Kb5 35. a3 Bc5 36. e4 Ka4 37. f4 Bxa3 38. Bxa3 Kxa3 39. e5 fxe5 40. fxe5 b5 41. e6 b4 42. Kb1 b3 43. e7 c3 44. e8Q c2+ 45. Kc1 a5 46. Qb5 a4 47. Qc5+ Ka2 48. Qb4 a3 49. Qc4 g6 50. h4 Ka1 51. Qxb3 a2 52. Qb2# 1-0

[Event "GER-chT U12"]
[Site "Magdeburg"]
[Date "2021.08.08"]
[Round "7.4"]
[White "Baihaghi, Arash"]
[Black "Lipinsky, Pierre"]
[Result "0-1"]
[WhiteElo "1060"]
[BlackElo "1418"]
[PlyCount "36"]
[EventDate "2021.08.04"]
[EventType "team-swiss"]
[EventRounds "7"]
[EventCountry "GER"]
[SourceTitle "EXT 2022"]
[Source "ChessBase"]
[SourceDate "2021.10.06"]
[SourceVersion "1"]
[SourceVersionDate "2021.10.06"]
[SourceQuality "1"]
[WhiteTeam "Ohlsbach"]
[BlackTeam "Muenchen Tarrasch"]
[WhiteTeamCountry "GER"]
[BlackTeamCountry "GER"]

1. e4 c6 2. Nf3 d5 3. exd5 cxd5 4. Ne5 Nf6 5. d4 Nc6 6. Bb5 Qb6 7. c4 dxc4 8. Qa4 Bd7 9. Nxd7 Nxd7 10. Nc3 e5 11. Nd5 Qd8 12. dxe5 Bc5 13. Bd2 0-0 14. Ba5 Qh4 15. 0-0 Ndxe5 16. g3 Qh3 17. b4 Nf3+ 18. Kh1 Qxh2# 0-1